00651nam a22001577a 4500999001900000020001600019082000800035100001900043245017400062260003500236300003200271942001300303650002600316700002900342952012200371 c528010d528010 qHard Cover. a612 aNadeem, Amina  aAssociation of single nucleotide polymorphism of inflammatory cytokines with type 2 mellitus in patients reporting to tertiary care hospital in Pakistan /cAmina Nadeem, aIslamabad:bAMC - NUST,c2015. axxiv, 193 p. ill. ; c30cm. 2ddccTHE aPh. D. Thesis.919288 aDr. Sadaf Mumtaz.919518 00102ddc406200_000000000000000709483166aCLbCLcTHEd2019-08-26o200pCLPT-608r2019-08-26w2019-08-26x yTHE